00488nam a2200193Ia 4500003000400000005001700004008004100021020001800062040000700080041000800087082002100095100001700116245006500133260002800198300001700226365001300243650001500256650002300271OSt20250714092745.0210423s2012 xx 000 0 und d a9780670049738 cAL aeng a070.40954 bVERB aVerghese B G aBreaking the big storyb: great moments in Indian journalism aNew Delhibvikingc2012 axlix,153bPB b295cINR aJournalism aJournalism & Media